PEACE AND ME / (Record no. 177755)

MARC details
000 -LEADER
fixed length control field 01332nam a2200277 i 4500
003 - CONTROL NUMBER IDENTIFIER
control field OSt
005 - DATE AND TIME OF LATEST TRANSACTION
control field 20200618133251.0
008 - FIXED-LENGTH DATA ELEMENTS--GENERAL INFORMATION
fixed length control field 200618s2018 enka j| 000 0 eng d
020 ## - INTERNATIONAL STANDARD BOOK NUMBER
International Standard Book Number 9781911373650
Terms of availability RM123.36
Qualifying information hardback
040 ## - CATALOGING SOURCE
Original cataloging agency PPAK
Language of cataloging eng
Transcribing agency PPAK
Description conventions rda
082 04 - DEWEY DECIMAL CLASSIFICATION NUMBER
Edition number 23
Classification number 327.172092
090 00 - LOCALLY ASSIGNED LC-TYPE CALL NUMBER (OCLC); LOCAL CALL NUMBER (RLIN)
Classification number (OCLC) (R) ; Classification number, CALL (RLIN) (NR) 327.172092
Feature heading WIN
Feature heading RK
100 1# - MAIN ENTRY--PERSONAL NAME
Personal name Winter, Ali,
Relator term author.
245 10 - TITLE STATEMENT
Title PEACE AND ME /
Statement of responsibility, etc. Text : Ali Winter ; Illustrations : Mickaël El Fathi
264 #1 - PRODUCTION, PUBLICATION, DISTRIBUTION, MANUFACTURE, AND COPYRIGHT NOTICE
Place of production, publication, distribution, manufacture London :
Name of producer, publisher, distributor, manufacturer Lantana Publishing,
Date of production, publication, distribution, manufacture, or copyright notice 2018
300 ## - PHYSICAL DESCRIPTION
Extent 1 volume (unpaged) :
Other physical details colour illustrations ;
Dimensions 27 cm
336 ## - CONTENT TYPE
Source rdacontent
Content type term text
337 ## - MEDIA TYPE
Source rdamedia
Media type term unmediated
338 ## - CARRIER TYPE
Source rdacarrier
Carrier type term volume
500 ## - GENERAL NOTE
General note "Inspired by the lives of Nobel Peace Prize Laureates"--Cover.
520 ## - SUMMARY, ETC.
Summary, etc. An illustrated collection of inspirational ideas about peace based on the lives of Nobel Peace Prize Laureates of the 20th and 21st centuries. Includes: Jean Henry Dunant, Fridtjof Nansen, Jane Addams, John Boyd Orr of Brechin, Martin Luther King Jr., Mother Teresa, Desmond Tutu, Rigoberta Menchú Tum, Nelson Mandela, Shirin Ebadi, Wangari Maathai, Malala Yousafzai.
650 10 - SUBJECT ADDED ENTRY--TOPICAL TERM
Topical term or geographic name entry element Pacifists
Form subdivision Biography
General subdivision Juvenile literature
Topical term or geographic name entry element Nobel Prize winners
Form subdivision History
General subdivision Juvenile literature
700 1# - ADDED ENTRY--PERSONAL NAME
Personal name Fathi, Mickaël el,
Dates associated with a name 1982-
Relator term illustrator.
942 ## - ADDED ENTRY ELEMENTS (KOHA)
Source of classification or shelving scheme Dewey Decimal Classification
Koha item type Book
Holdings
Withdrawn Not for loan Current library Shelving location Date acquired Full call number Barcode Date last seen Koha item type
  Not For Loan Perpustakaan Alor Setar Rujukan Kanak-kanak 04/08/2020 RK 327.172092 WIN A01645348 04/08/2020 Book